Saint or Ain't? Quiz Stats

Quiz Updated Feb 16, 2013

Challenge
Share
Tweet
Embed
Score 0/25 Timer 04:00
5 Plays Today
% Correct
St. Patrick
94.9%
St. Bartholomew
93.6%
St. Valentine
93.5%
St. Christopher
93.2%
St. Dominic
92.4%
St. Agnes
91.6%
St. Xavier
89%
St. Innocent
83.2%
St. Felix
83%
St. Tiberius
78.9%
St. Urban
76.7%
St. Sylvester
76.2%
St. Elmo
73.8%
% Correct
St. Justin
72%
St. Quentin
69.5%
St. Louis King of France
65.3%
St. Ralph
56.9%
St. Narcissus
56.3%
St. Kenneth
56%
St. Guy
54.6%
St. Morwenna
54.5%
St. Hermione
52.4%
St. Wigbert
52.1%
St. Oliver Plunkett
41.9%
St. Zoe
38.1%

You're not logged in!

Compare scores with friends on all Sporcle quizzes.
Join for Free
OR
Log In

You Might Also Like...

Show Comments

Extras

Top Quizzes Today


Score Distribution

Your Account Isn't Verified!

In order to create a playlist on Sporcle, you need to verify the email address you used during registration. Go to your Sporcle Settings to finish the process.

Report this User

Report this user for behavior that violates our Community Guidelines.

Details: